000 00361nam a2200145Ia 4500
008 230917s9999||||xx |||||||||||||| ||und||
040 _e5006419
_aMAIN
041 _aEnglish
082 _a301.4443 A89H
100 _aAtul Kumar
245 0 _aHaryana mien badalate krshak sambandh ek samajashastriy adhyayan
260 _c2019
300 _a219 p.
942 _cBK
999 _c9664
_d9664